[Event "FICGS rapid B 000296 email"]
[Site "FICGS email"]
[Date "2018.09.26"]
[Round "1"]
[White "Vollmer, Steve"]
[Black "Andreozzi, Paolo"]
[Result "1-0"]
[WhiteElo "1792"]
[BlackElo "1712"]
[PlyCount "51"]
[EventDate "2018.??.??"]
[EventType "tourn (rapid)"]
[EventRounds "6"]
[SourceTitle "Corr 2022"]
[Source "ChessBase"]
[SourceDate "2021.10.24"]
[SourceVersion "1"]
[SourceVersionDate "2021.10.24"]
[SourceQuality "1"]

1. e4 d5 2. exd5 Nf6 3. c4 g6 4. Nf3 Bg7 5. d4 Bg4 6. Be2 0-0 7. 0-0 Nbd7 8. Nc3 a6 9. Be3 Nb6 10. Ne5 Bxe2 11. Qxe2 Nbd7 12. f4 Nb6 13. f5 e6 14. dxe6 fxe6 15. fxe6 Ne8 16. Rxf8+ Bxf8 17. Rf1 Bg7 18. Nf7 Qe7 19. d5 Nc8 20. Ne4 Ncd6 21. Nexd6 Qxd6 22. Nxd6 cxd6 23. Rf7 b5 24. Qf2 bxc4 25. Bd4 Rb8 26. Rxg7+ 1-0

[Event "FICGS theme 0002 email"]
[Site "FICGS email"]
[Date "2018.07.28"]
[Round "1"]
[White "Andreozzi, Paolo"]
[Black "Romig, James"]
[Result "0-1"]
[WhiteElo "1687"]
[BlackElo "2141"]
[PlyCount "32"]
[EventDate "2018.??.??"]
[EventType "swiss (corr)"]
[EventRounds "1"]
[SourceTitle "Corr 2022"]
[Source "ChessBase"]
[SourceDate "2021.10.24"]
[SourceVersion "1"]
[SourceVersionDate "2021.10.24"]
[SourceQuality "1"]

1. d4 d5 2. g4 Bxg4 3. h3 Bf5 4. Bg2 e6 5. e3 Nc6 6. a3 Qg5 7. Bf3 Qg6 8. Nc3 Bxc2 9. Qd2 Nf6 10. Nge2 h5 11. Nf4 Qf5 12. b4 g5 13. Nfxd5 exd5 14. Be2 Be4 15. Nxe4 Nxe4 16. Bd3 Nxb4 0-1

[Event "FICGS theme 0002 email"]
[Site "FICGS email"]
[Date "2018.03.24"]
[Round "1"]
[White "Andreoni, Mario"]
[Black "Andreozzi, Paolo"]
[Result "1-0"]
[WhiteElo "1786"]
[BlackElo "1696"]
[PlyCount "31"]
[EventDate "2018.??.??"]
[EventType "swiss (corr)"]
[EventRounds "1"]
[SourceTitle "Corr 2022"]
[Source "ChessBase"]
[SourceDate "2021.10.24"]
[SourceVersion "1"]
[SourceVersionDate "2021.10.24"]
[SourceQuality "1"]

1. e4 c5 2. Nf3 a6 3. b4 e6 4. bxc5 Bxc5 5. d4 Ba7 6. Bd3 d5 7. 0-0 Nc6 8. c3 Nge7 9. Re1 0-0 10. Nbd2 b5 11. Ba3 Re8 12. Ng5 h6 13. exd5 exd5 14. Bh7+ Kf8 15. Qf3 hxg5 16. Bg6 1-0

[Event "FICGS W-ch st1 g06 email"]
[Site "FICGS email"]
[Date "2018.03.02"]
[Round "1"]
[White "Andreozzi, Paolo"]
[Black "Archip, Laurentiu"]
[Result "0-1"]
[WhiteElo "1696"]
[BlackElo "1459"]
[PlyCount "62"]
[EventDate "2018.??.??"]
[EventType "tourn (corr)"]
[EventRounds "8"]
[SourceTitle "Corr 2022"]
[Source "ChessBase"]
[SourceDate "2021.10.24"]
[SourceVersion "1"]
[SourceVersionDate "2021.10.24"]
[SourceQuality "1"]

1. e4 c5 2. Nf3 Nc6 3. a3 d6 4. d4 cxd4 5. Nxd4 Nf6 6. f3 e5 7. Nb3 d5 8. Bb5 Be6 9. 0-0 Qb6+ 10. Rf2 Qxb5 11. Nc3 Qb6 12. exd5 Nxd5 13. Nxd5 Bxd5 14. Bg5 Bxb3 15. cxb3 Bc5 16. Bh4 0-0 17. Qd7 Qxb3 18. Raf1 Qxb2 19. Qg4 Bxf2+ 20. Bxf2 Qxa3 21. h4 Qb4 22. Qf5 Qf4 23. Qb1 Qb4 24. Qa2 a5 25. Rb1 Qe7 26. h5 Rfb8 27. Rb6 Qc7 28. Qc2 Ra6 29. Qb2 Rxb6 30. Bxb6 Qd6 31. Qc3 a4 0-1

[Event "FICGS W-ch st1 g06 email"]
[Site "FICGS email"]
[Date "2018.03.02"]
[Round "1"]
[White "Andreozzi, Paolo"]
[Black "Hendricks, Richard"]
[Result "0-1"]
[WhiteElo "1696"]
[BlackElo "1909"]
[PlyCount "26"]
[EventDate "2018.??.??"]
[EventType "tourn (corr)"]
[EventRounds "8"]
[SourceTitle "Corr 2022"]
[Source "ChessBase"]
[SourceDate "2021.10.24"]
[SourceVersion "1"]
[SourceVersionDate "2021.10.24"]
[SourceQuality "1"]

1. f4 d5 2. Nf3 g6 3. d4 Bg7 4. e3 Nf6 5. Bd3 0-0 6. c4 c5 7. b3 Nc6 8. Bb2 cxd4 9. Nxd4 dxc4 10. Bxc4 Ng4 11. Qd2 Nxe3 12. Qxe3 Nxd4 13. 0-0 Nc2 0-1

[Event "FICGS W-ch st1 g06 email"]
[Site "FICGS email"]
[Date "2018.03.02"]
[Round "1"]
[White "Kehayov, Yulian"]
[Black "Andreozzi, Paolo"]
[Result "0-1"]
[WhiteElo "928"]
[BlackElo "1696"]
[PlyCount "74"]
[EventDate "2018.??.??"]
[EventType "tourn (corr)"]
[EventRounds "8"]
[SourceTitle "Corr 2022"]
[Source "ChessBase"]
[SourceDate "2021.10.24"]
[SourceVersion "1"]
[SourceVersionDate "2021.10.24"]
[SourceQuality "1"]

1. d4 f5 2. Nc3 d5 3. Bf4 Nf6 4. Nb5 Na6 5. e3 c6 6. Nc3 e6 7. Nf3 Be7 8. Be2 0-0 9. 0-0 Ng4 10. h3 Nf6 11. Ne5 Qe8 12. Na4 Nc7 13. c4 Bd8 14. c5 Ne4 15. f3 Ng5 16. h4 Nf7 17. Nxf7 Qxf7 18. b4 Bxh4 19. Bh2 Ne8 20. g3 Qg6 21. Rf2 Bf6 22. Rg2 e5 23. a3 Nc7 24. Nc3 e4 25. f4 Qh6 26. Kf2 g5 27. Qe1 gxf4 28. gxf4+ Kf7 29. Qg1 Ne6 30. Rg3 Nxd4 31. Rd1 Ne6 32. Qg2 Bxc3 33. Rg1 d4 34. exd4 Qxf4+ 35. Rf3 Bxd4+ 36. Kf1 Qc1+ 37. Bd1 Qxd1# 0-1

[Event "Rome ASR op"]
[Site "Rome"]
[Date "2011.09.29"]
[Round "4"]
[White "Elia, Alessio"]
[Black "Andreozzi, Paolo"]
[Result "1-0"]
[WhiteElo "1894"]
[BlackElo "1720"]
[PlyCount "49"]
[EventDate "2011.09.15"]
[EventType "swiss"]
[EventRounds "5"]
[EventCountry "ITA"]
[SourceTitle "EXT 2024"]
[Source "ChessBase"]
[SourceDate "2023.10.10"]
[SourceVersion "1"]
[SourceVersionDate "2023.10.10"]
[SourceQuality "1"]

1. d4 d5 2. Nf3 Nf6 3. e3 e6 4. Bd3 Bd6 5. Nbd2 0-0 6. 0-0 Nbd7 7. c3 c5 8. Qe2 a6 9. e4 Bf4 10. e5 Ne8 11. g3 Bh6 12. Nh4 f5 13. exf6 Qxf6 14. dxc5 Nxc5 15. Bc2 e5 16. Nb3 Bxc1 17. Raxc1 b6 18. Nxc5 bxc5 19. Qd3 Bb7 20. Qxh7+ Kf7 21. Qh5+ Ke6 22. Rce1 e4 23. f3 Qe5 24. Qxe5+ Kxe5 25. Ng6+ 1-0

[Event "Rome Cittadino La Lupa"]
[Site "Rome"]
[Date "2011.05.16"]
[Round "3"]
[White "Di Carlo, Adriano"]
[Black "Andreozzi, Paolo"]
[Result "0-1"]
[WhiteElo "1713"]
[BlackElo "1713"]
[PlyCount "76"]
[EventDate "2011.05.05"]
[EventType "swiss"]
[EventRounds "7"]
[EventCountry "ITA"]
[SourceTitle "EXT 2024"]
[Source "ChessBase"]
[SourceDate "2023.10.10"]
[SourceVersion "1"]
[SourceVersionDate "2023.10.10"]
[SourceQuality "1"]

1. e4 c5 2. c3 e6 3. d4 cxd4 4. cxd4 d6 5. Nf3 a6 6. Nc3 Nf6 7. Qb3 Be7 8. Be2 0-0 9. g4 Nc6 10. Be3 Na5 11. Qc2 Nxg4 12. Bd2 b5 13. Rg1 f5 14. exf5 exf5 15. Nd5 Nb7 16. Qd3 Bd7 17. Nxe7+ Qxe7 18. h3 Nf6 19. Ng5 Rae8 20. Be3 d5 21. Nf3 Nd6 22. b3 Nde4 23. Ne5 Rc8 24. Bd2 Nxd2 25. Kxd2 Qb4+ 26. Kd1 Rc3 27. Qd2 Ne4 28. Qf4 Qxd4+ 29. Ke1 Rxh3 30. Rd1 Qc3+ 31. Kf1 Be6 32. Rc1 Qb2 33. f3 Nc3 34. Qe3 Nxe2 35. Rxg7+ Kh8 36. Re7 Rh1+ 37. Kf2 Nf4+ 38. Kg3 Qh2# 0-1

[Event "Rome Cittadino La Lupa"]
[Site "Rome"]
[Date "2011.05.12"]
[Round "2"]
[White "Andreozzi, Paolo"]
[Black "Tosi, Francesco"]
[Result "0-1"]
[WhiteElo "1713"]
[BlackElo "1889"]
[PlyCount "52"]
[EventDate "2011.05.05"]
[EventType "swiss"]
[EventRounds "7"]
[EventCountry "ITA"]
[SourceTitle "EXT 2024"]
[Source "ChessBase"]
[SourceDate "2023.10.10"]
[SourceVersion "1"]
[SourceVersionDate "2023.10.10"]
[SourceQuality "1"]

1. d4 Nf6 2. c4 g6 3. Nf3 Bg7 4. g3 0-0 5. Bg2 d5 6. Nc3 c6 7. 0-0 dxc4 8. a4 Nbd7 9. Bg5 h6 10. Bd2 e5 11. dxe5 Ng4 12. Qc1 Kh7 13. e6 Nc5 14. exf7 Nb3 15. Qc2 Nxa1 16. Rxa1 Bf5 17. e4 Be6 18. Bf4 Qd3 19. Qc1 Rxf7 20. h3 Nxf2 21. Kxf2 g5 22. Be3 g4 23. hxg4 Bxg4 24. Ne2 Rd8 25. Nf4 Qb3 26. Nd2 Qxe3+ 0-1

[Event "Rome Nobile Memorial 4th"]
[Site "Rome"]
[Date "2011.01.25"]
[Round "3"]
[White "Andreozzi, Paolo"]
[Black "Baruffaldi, Giuseppe"]
[Result "0-1"]
[WhiteElo "1718"]
[BlackElo "1836"]
[PlyCount "98"]
[EventDate "2011.01.13"]
[EventType "swiss"]
[EventRounds "7"]
[EventCountry "ITA"]
[SourceTitle "EXT 2012"]
[Source "ChessBase"]
[SourceDate "2011.11.24"]
[SourceVersion "1"]
[SourceVersionDate "2011.11.24"]
[SourceQuality "1"]

1. d4 Nf6 2. c4 g6 3. Nf3 Bg7 4. g3 0-0 5. Bg2 c5 6. e3 d6 7. Nc3 a6 8. dxc5 dxc5 9. 0-0 Nc6 10. a3 Qc7 11. Qc2 Be6 12. b3 Rad8 13. Bb2 Bf5 14. e4 Bg4 15. Nd5 Nxd5 16. Bxg7 Bxf3 17. cxd5 Bxg2 18. Bxf8 Bxf1 19. dxc6 Bd3 20. Qc3 Rxf8 21. Qxd3 Rd8 22. Qc3 Qxc6 23. Rc1 Rc8 24. Qe5 Qd6 25. Qc3 b6 26. Kf1 e5 27. Ke2 Qd4 28. Qxd4 exd4 29. Kd3 Kf8 30. b4 Ke7 31. bxc5 bxc5 32. Rb1 Kd6 33. a4 Kc7 34. Rc1 Kc6 35. f4 Rb8 36. Ra1 Rb3+ 37. Kc2 c4 38. Ra2 a5 39. Kd2 Kc5 40. Ke2 h5 41. Kd2 Rf3 42. Ke2 Re3+ 43. Kd1 Rb3 44. Kd2 Kb4 45. Rc2 c3+ 46. Kd3 Rb2 47. Rxb2+ cxb2 48. Kc2 Ka3 49. Kb1 d3 0-1

[Event "Rome La Lupa op"]
[Site "Rome"]
[Date "2010.06.17"]
[Round "7"]
[White "Napoli, Alessandro"]
[Black "Andreozzi, Paolo"]
[Result "0-1"]
[WhiteElo "1431"]
[BlackElo "1752"]
[PlyCount "92"]
[EventDate "2010.05.09"]
[EventType "swiss"]
[EventRounds "7"]
[EventCountry "ITA"]
[SourceTitle "EXT 2024"]
[Source "ChessBase"]
[SourceDate "2023.10.10"]
[SourceVersion "1"]
[SourceVersionDate "2023.10.10"]
[SourceQuality "1"]

1. e4 c5 2. Nf3 e6 3. d4 cxd4 4. Nxd4 d6 5. Nc3 a6 6. Be3 Nd7 7. Nb3 Ngf6 8. Be2 Be7 9. Qd2 0-0 10. f4 Qc7 11. 0-0 e5 12. Rac1 exf4 13. Bxf4 Ne5 14. Nd5 Nxd5 15. exd5 Nc4 16. Bxc4 Qxc4 17. Qd4 Qc7 18. Rf3 Bf6 19. Qf2 Bxb2 20. Rf1 Be5 21. Bxe5 dxe5 22. Qg3 f5 23. Rc3 Qd6 24. Rd3 f4 25. Qe1 Bf5 26. Rd2 Rac8 27. Rff2 b6 28. Qc1 Rc3 29. Rf3 Rfc8 30. Rxc3 Rxc3 31. Qb2 Re3 32. c4 Kf8 33. Qc1 Bd3 34. Kf2 a5 35. Qd1 Bxc4 36. g3 Bxb3 37. axb3 Qh6 38. Kg2 f3+ 39. Kg1 Qd6 40. Kf2 Qc5 41. Kf1 Qb5+ 42. Kf2 Qxb3 43. d6 Ke8 44. Qc1 Qc3 45. Rc2 Re2+ 46. Kf1 Qxc2 0-1

[Event "Rome La Lupa op"]
[Site "Rome"]
[Date "2010.06.03"]
[Round "6"]
[White "Catalini, Giampiero"]
[Black "Andreozzi, Paolo"]
[Result "1-0"]
[WhiteElo "1958"]
[BlackElo "1752"]
[PlyCount "83"]
[EventDate "2010.05.09"]
[EventType "swiss"]
[EventRounds "7"]
[EventCountry "ITA"]
[SourceTitle "EXT 2024"]
[Source "ChessBase"]
[SourceDate "2023.10.10"]
[SourceVersion "1"]
[SourceVersionDate "2023.10.10"]
[SourceQuality "1"]

1. d4 d5 2. Nf3 e6 3. c4 c6 4. e3 Nd7 5. Nc3 Bd6 6. Bd3 f5 7. 0-0 Ngf6 8. b3 Qe7 9. Bb2 0-0 10. Ne2 Kh8 11. Ne5 g5 12. f3 Qg7 13. Qc2 Ne8 14. f4 Nxe5 15. dxe5 Be7 16. Rac1 Bd7 17. Nd4 Bc8 18. cxd5 cxd5 19. Nb5 Bd7 20. Qe2 Bc6 21. Nd4 Qg6 22. Nxc6 bxc6 23. Rxc6 gxf4 24. exf4 Rg8 25. Qf3 Qf7 26. Rd1 Bd8 27. Bd4 Nc7 28. b4 Rg7 29. a4 Rb8 30. b5 Na8 31. Rc8 Qb7 32. Rc6 Qd7 33. Qh5 Bb6 34. Bxb6 axb6 35. Qh4 Rg4 36. Qf6+ Kg8 37. Rd6 Qf7 38. Rd8+ Rxd8 39. Qxd8+ Qf8 40. Qxf8+ Kxf8 41. g3 Rg8 42. Rc1 1-0

[Event "Rome La Lupa op"]
[Site "Rome"]
[Date "2010.05.27"]
[Round "5"]
[White "Andreozzi, Paolo"]
[Black "Casella, Carlo"]
[Result "0-1"]
[WhiteElo "1752"]
[BlackElo "1679"]
[PlyCount "74"]
[EventDate "2010.05.09"]
[EventType "swiss"]
[EventRounds "7"]
[EventCountry "ITA"]
[SourceTitle "EXT 2024"]
[Source "ChessBase"]
[SourceDate "2023.10.10"]
[SourceVersion "1"]
[SourceVersionDate "2023.10.10"]
[SourceQuality "1"]

1. d4 d5 2. Nf3 Nf6 3. Bf4 e6 4. e3 c5 5. c3 Nc6 6. h3 Bd7 7. Nbd2 cxd4 8. exd4 h6 9. Bd3 Rc8 10. 0-0 Be7 11. Ne5 0-0 12. Re1 Be8 13. Ndf3 Nxe5 14. Nxe5 Nd7 15. Ng4 Bg5 16. Bh2 Nb6 17. f4 Be7 18. Nxh6+ gxh6 19. Qh5 f5 20. Qe2 Rf6 21. g4 Bd6 22. Bg3 Rg6 23. Kf2 Bd7 24. gxf5 exf5 25. Qh5 Qf6 26. Bh4 Qf7 27. Qf3 Kh8 28. Rg1 Rcg8 29. Bg3 R8g7 30. b3 Be7 31. Rae1 Bf6 32. Qh5 Kh7 33. Re3 Bd8 34. c4 dxc4 35. bxc4 Nxc4 36. Bxc4 Qxc4 37. Qd1 Qxa2+ 0-1

[Event "Rome La Lupa op"]
[Site "Rome"]
[Date "2010.05.20"]
[Round "3"]
[White "Andreozzi, Paolo"]
[Black "Romano, Marco Motraz"]
[Result "0-1"]
[WhiteElo "1752"]
[BlackElo "1615"]
[PlyCount "72"]
[EventDate "2010.05.09"]
[EventType "swiss"]
[EventRounds "7"]
[EventCountry "ITA"]
[SourceTitle "EXT 2024"]
[Source "ChessBase"]
[SourceDate "2023.10.10"]
[SourceVersion "1"]
[SourceVersionDate "2023.10.10"]
[SourceQuality "1"]

1. d4 Nf6 2. Nf3 g6 3. c4 Bg7 4. Nc3 0-0 5. e4 d6 6. Bd3 Nbd7 7. b4 c5 8. bxc5 dxc5 9. e5 Ng4 10. h3 cxd4 11. hxg4 dxc3 12. Qc2 Nxe5 13. Nxe5 Bxe5 14. Bh6 Re8 15. f4 Bd4 16. f5 Qd6 17. Rh3 Bd7 18. Kf1 e5 19. Re1 a6 20. c5 Bxc5 21. fxg6 hxg6 22. Be2 Bc6 23. Bg5 Bb5 24. Bxb5 axb5 25. Rd1 Qa6 26. Qxc3 b4+ 27. Qd3 Qxa2 28. Rd2 Qe6 29. Qf3 Ra1+ 30. Ke2 Qc4+ 31. Rd3 e4 32. Rh8+ Kxh8 33. Qf6+ Kg8 34. Qxa1 exd3+ 35. Kf3 Qe4+ 36. Kg3 Qe5+ 0-1

[Event "Rome Nobile Memorial 3rd"]
[Site "Rome"]
[Date "2010.01.20"]
[Round "2"]
[White "Andreozzi, Paolo"]
[Black "Di Mauro, Sebastiano"]
[Result "0-1"]
[WhiteElo "1729"]
[BlackElo "1832"]
[PlyCount "99"]
[EventDate "2010.01.14"]
[EventType "swiss"]
[EventRounds "6"]
[EventCountry "ITA"]
[SourceTitle "EXT 2024"]
[Source "ChessBase"]
[SourceDate "2023.10.10"]
[SourceVersion "1"]
[SourceVersionDate "2023.10.10"]
[SourceQuality "1"]

1. d4 Nf6 2. Nf3 g6 3. Bf4 Bg7 4. e3 d6 5. h3 0-0 6. Nbd2 Re8 7. Be2 Nbd7 8. Rb1 c5 9. c3 e5 10. dxe5 dxe5 11. Bg5 e4 12. Nh2 h6 13. Bh4 Qc7 14. Qc2 Qc6 15. 0-0 b5 16. Rfd1 Bb7 17. Nb3 a5 18. Ng4 a4 19. Na1 Rad8 20. Rd2 g5 21. Bg3 Nb6 22. Rxd8 Rxd8 23. Ne5 Qe8 24. Rd1 Rxd1+ 25. Qxd1 Nfd5 26. Ng4 f5 27. Nh2 Qe7 28. Bxb5 f4 29. Nf1 fxg3 30. Nxg3 Qe5 31. Nc2 Bf8 32. Qe2 Nf6 33. Bxa4 Nxa4 34. Qc4+ Qd5 35. Qxa4 h5 36. Na1 Bc6 37. Qb3 c4 38. Qc2 h4 39. Nf1 Qd3 40. b3 cxb3 41. axb3 Nd5 42. c4 Nb4 43. Qd2 Qxd2 44. Nxd2 Bg7 45. Nc2 Nxc2 46. c5 Bc3 47. Nc4 Kg7 48. Nd6 Kf6 49. Nc8 Ke6 50. Nb6 0-1

[Event "Rome Nobile Memorial 3rd"]
[Site "Rome"]
[Date "2010.01.14"]
[Round "1"]
[White "Nazzarri, Errico"]
[Black "Andreozzi, Paolo"]
[Result "0-1"]
[WhiteElo "1410"]
[BlackElo "1729"]
[PlyCount "48"]
[EventDate "2010.01.14"]
[EventType "swiss"]
[EventRounds "6"]
[EventCountry "ITA"]
[SourceTitle "EXT 2024"]
[Source "ChessBase"]
[SourceDate "2023.10.10"]
[SourceVersion "1"]
[SourceVersionDate "2023.10.10"]
[SourceQuality "1"]

1. e4 c5 2. Nc3 e6 3. g3 Nc6 4. d3 d5 5. Bg2 d4 6. Nce2 e5 7. Nf3 Be7 8. 0-0 Nf6 9. Ng5 h6 10. Nxf7 Kxf7 11. c3 Qb6 12. c4 Be6 13. b3 Raf8 14. Bd2 g5 15. h3 Ke8 16. g4 Nxg4 17. Ng3 Nf6 18. Nh5 Nxh5 19. Qxh5+ Kd7 20. Qe2 h5 21. f3 Rfg8 22. Rf2 Qd8 23. Raf1 g4 24. fxg4 hxg4 0-1

[Event "Umbria Regional-ch"]
[Site "Foligno"]
[Date "2009.06.05"]
[Round "3"]
[White "Andreozzi, Paolo"]
[Black "Almadori, Giovanni"]
[Result "1/2-1/2"]
[WhiteElo "1770"]
[BlackElo "1401"]
[PlyCount "82"]
[EventDate "2009.06.05"]
[EventType "swiss"]
[EventRounds "6"]
[EventCountry "ITA"]
[SourceTitle "EXT 2011"]
[Source "ChessBase"]
[SourceDate "2010.11.26"]
[SourceVersion "1"]
[SourceVersionDate "2010.11.26"]
[SourceQuality "1"]

1. d4 Nf6 2. Nf3 e6 3. Bf4 d6 4. e3 Nbd7 5. Be2 c5 6. c3 Qc7 7. h3 b6 8. Nbd2 Bb7 9. 0-0 Rc8 10. Rc1 Be7 11. Ne1 0-0 12. Qc2 Qb8 13. b3 cxd4 14. exd4 Nd5 15. Be3 Nxc3 16. Nc4 Nxe2+ 17. Qxe2 d5 18. Nb2 Rxc1 19. Bxc1 Qc8 20. Ned3 Ba6 21. Qe3 Ba3 22. Na4 Bd6 23. Rd1 Bxd3 24. Qxd3 Qb8 25. Be3 Nf6 26. f3 Rc8 27. Rc1 Rxc1+ 28. Bxc1 Nh5 29. Qc2 Bh2+ 30. Kf1 Ng3+ 31. Ke1 Nf5 32. Qd2 Bf4 33. Qxf4 Qxf4 34. Bxf4 Nxd4 35. Kd2 Nc6 36. Bd6 e5 37. a3 f6 38. f4 Kf7 39. fxe5 fxe5 40. Nc3 Ke6 41. Bf8 Kf7 1/2-1/2

[Event "Umbria Regional-ch"]
[Site "Foligno"]
[Date "2009.06.05"]
[Round "2"]
[White "Vitali, Roberto"]
[Black "Andreozzi, Paolo"]
[Result "0-1"]
[WhiteElo "1493"]
[BlackElo "1770"]
[PlyCount "87"]
[EventDate "2009.06.05"]
[EventType "swiss"]
[EventRounds "6"]
[EventCountry "ITA"]
[SourceTitle "EXT 2011"]
[Source "ChessBase"]
[SourceDate "2010.11.26"]
[SourceVersion "1"]
[SourceVersionDate "2010.11.26"]
[SourceQuality "1"]

1. b4 e6 2. Bb2 Nf6 3. b5 d5 4. e3 c5 5. c4 Bd6 6. Nf3 0-0 7. Be2 Nbd7 8. d4 cxd4 9. exd4 dxc4 10. 0-0 Nb6 11. Nbd2 Bd7 12. a4 c3 13. Bxc3 Nbd5 14. Bb2 Rc8 15. Ne5 Nc3 16. Bxc3 Rxc3 17. Nxd7 Qxd7 18. Nc4 Bb8 19. Ra3 Rxa3 20. Nxa3 Qd6 21. g3 Qxa3 22. Qc2 Nd5 23. Bd3 h6 24. Be4 Qc3 25. Qe2 Qxd4 26. Qg4 Kh8 27. Qf3 f5 28. Rc1 Kg8 29. Bc2 Qf6 30. Bb3 Rd8 31. Rd1 Qe5 32. Kf1 g6 33. Ra1 Qd6 34. Rd1 Kg7 35. Qg2 Bc7 36. Qf3 Qc5 37. Re1 Kf6 38. Qe2 e5 39. g4 Qc3 40. Ba2 Qh3+ 41. Kg1 Nf4 42. Qf1 Qxg4+ 43. Kh1 Qf3+ 44. Kg1 0-1